000 00564nam a22001577a 4500
008 161006b xxu||||| |||| 00| 0 eng d
020 _a0195145007
040 _aKABU
_cKABU
050 _aML350
_b.S76 2005 C.1
100 _aStone, Ruth M.
245 _aMusic in west Afica
_bexperiencing music , expressing culture
_hBy Ruth M. Stone
260 _aNew York
_bOxford university press
_c2005
300 _axvi, 112 p.
_eAccompanied by CD-Rom
650 _2Music
_xHistory and criticism
_zAfrica, West
942 _2lcc
_cBK
_hML350 .S76 2005 C.1
999 _c16154
_d16154